00367nam a2200109Ia 4500008004100000041000800041082000800049100010500057245003600162260005100198300000800249221007s9999 xx 000 0 und d aeng bRUD aRudrawar Shweta M - 2k141137; Dr.S U Gawade - Guide & [Company Name] - NG Rathi Investrades Pvt. Ltd aRisk Management In Stock Market cSep-15bSavitribai Phule Pune UniversityaPune a42p